| 000 | 01021cam a2200265 4500 | ||
|---|---|---|---|
| 001 | WS114119 | ||
| 008 | 010814n 000 0 eng u | ||
| 035 | _a(Sirsi) u114119 | ||
| 110 |
_aNew Zealand Property Institute _94109 |
||
| 245 | _aNew Zealand Property Institute | ||
| 520 | _aWeb site for this organisation with a membership of 3000 key property professionals. Includes their code of ethics and code of conduct. Details their CPD programme and gives a directory of members. | ||
| 650 | _aNEW ZEALAND | ||
| 650 | _aORGANISATION | ||
| 650 | _aNEW ZEALAND INSTUTE OF VALUERS | ||
| 650 | _aINSTITUTE OF PLANT AND MACHINERY | ||
| 650 | _aPROPERTY AND LAND ECONOMY INSTITUTE OF NEW ZEALAND | ||
| 650 | _aCODE OF ETHICS | ||
| 650 | _aCODE OF CONDUCT | ||
| 650 | _aBYE-LAWS | ||
| 650 | _aCPD | ||
| 650 | _aINTERNATIONAL | ||
| 690 | _aMANAGEMENT-BUSINESS MANAGEMENT-PROFESSIONAL PRACTICE | ||
| 856 | 4 | 0 |
_uhttps://www.property.org.nz _zView the website free of charge at www.property.org.nz... |
| 942 | _n0 | ||
| 999 |
_c119827 _d119827 |
||